Từ điển giải thích khoa học địa chất Anh - Việt Việt - Anh = English - Vietnamese & Vietnamese - English glossary of geosciences

Gardado en:
Detalles Bibliográficos
Autor Principal: Phan Cự Tiến
Formato: Libro
Idioma:Undetermined
Publicado: Hà Nội Văn hóa Thông tin 2006
Những chủ đề:
Các nhãn: Engadir etiqueta
Sen Etiquetas, Sexa o primeiro en etiquetar este rexistro!
Thư viện lưu trữ: Trung tâm Học liệu Trường Đại học Cần Thơ
LEADER 00707nam a2200217Ia 4500
001 CTU_101510
008 210402s9999 xx 000 0 und d
020 |c 400000 
082 |a 551.016 
082 |b T305 
100 |a Phan Cự Tiến 
245 0 |a Từ điển giải thích khoa học địa chất Anh - Việt Việt - Anh 
245 0 |b = English - Vietnamese & Vietnamese - English glossary of geosciences 
245 0 |c Phan Cự Tiến 
260 |a Hà Nội 
260 |b Văn hóa Thông tin 
260 |c 2006 
650 |a earth sciences 
650 |x glossaries, vocabularies, etc. 
904 |i Minh 
980 |a Trung tâm Học liệu Trường Đại học Cần Thơ